[Event "BL 2223 (Women)"]
[Site "Germany"]
[Date "2023.04.29"]
[Round "9.1"]
[White "Anisheva, Varvara"]
[Black "Schoene, Maria"]
[Result "0-1"]
[WhiteElo "2086"]
[BlackElo "2194"]
[PlyCount "64"]
[EventDate "2022.10.15"]
[EventType "team-tourn"]
[EventRounds "11"]
[EventCountry "GER"]
[SourceTitle "EXT 2024"]
[Source "ChessBase"]
[SourceDate "2023.10.10"]
[SourceVersion "1"]
[SourceVersionDate "2023.10.10"]
[SourceQuality "1"]
[WhiteTeam "Erfurt Medizin (W)"]
[BlackTeam "Bad Koenigshofen (W)"]
[WhiteTeamCountry "GER"]
[BlackTeamCountry "GER"]

1. e4 d6 2. d4 Nf6 3. Bd3 e5 4. c3 d5 5. dxe5 Nxe4 6. Bxe4 dxe4 7. Qxd8+ Kxd8 8. Be3 Nd7 9. f4 Nc5 10. Bxc5 Bxc5 11. Nd2 Bf5 12. h3 h5 13. g3 Ke7 14. Ne2 Rad8 15. Nb3 Bb6 16. Nbd4 g6 17. a4 a6 18. a5 Ba7 19. 0-0-0 f6 20. exf6+ Kxf6 21. c4 Bc5 22. Nc2 Rxd1+ 23. Kxd1 Rd8+ 24. Kc1 e3 25. b4 Rd2 26. bxc5 Rxc2+ 27. Kd1 Rxc4 28. Nc1 Rxc5 29. Ke2 Rxa5 30. Kxe3 Ra3+ 31. Kf2 Ra1 32. g4 hxg4 0-1

[Event "BL2-Nord 2122"]
[Site "Germany"]
[Date "2022.07.02"]
[Round "9.7"]
[White "Rudolf, Henrik"]
[Black "Schoene, Maria"]
[Result "1-0"]
[WhiteElo "2278"]
[BlackElo "2178"]
[PlyCount "49"]
[EventDate "2022.03.05"]
[EventType "team-tourn"]
[EventRounds "10"]
[EventCountry "GER"]
[SourceTitle "EXT 2023"]
[Source "ChessBase"]
[SourceDate "2022.10.05"]
[SourceVersion "1"]
[SourceVersionDate "2022.10.05"]
[SourceQuality "1"]
[WhiteTeam "Berlin SF II"]
[BlackTeam "Magdeburg"]
[WhiteTeamCountry "GER"]
[BlackTeamCountry "GER"]

1. e4 c5 2. Nf3 d6 3. d4 cxd4 4. Nxd4 Nf6 5. Nc3 g6 6. Be3 Bg7 7. f3 Nc6 8. Qd2 0-0 9. Bc4 Bd7 10. h4 h5 11. 0-0-0 Ne5 12. Bb3 Rc8 13. Bg5 Rc5 14. Kb1 b5 15. g4 hxg4 16. h5 Nxh5 17. Nd5 Rxd5 18. Bxd5 Kh7 19. f4 Nc4 20. Rxh5+ gxh5 21. Qh2 Kg6 22. Rh1 Rh8 23. f5+ Kxg5 24. Nf3+ gxf3 25. Qh4+ 1-0

[Event "BL2-Nord 2122"]
[Site "Germany"]
[Date "2022.06.19"]
[Round "8.7"]
[White "Zelcic, Robert"]
[Black "Schoene, Maria"]
[Result "1-0"]
[WhiteElo "2515"]
[BlackElo "2178"]
[PlyCount "81"]
[EventDate "2022.03.05"]
[EventType "team-tourn"]
[EventRounds "10"]
[EventCountry "GER"]
[SourceTitle "EXT 2023"]
[Source "ChessBase"]
[SourceDate "2022.10.05"]
[SourceVersion "1"]
[SourceVersionDate "2022.10.05"]
[SourceQuality "1"]
[WhiteTeam "Kirchweyhe"]
[BlackTeam "Magdeburg"]
[WhiteTeamCountry "GER"]
[BlackTeamCountry "GER"]

1. e4 c5 2. Nf3 d6 3. d4 cxd4 4. Nxd4 Nf6 5. Nc3 g6 6. Bc4 Bg7 7. 0-0 0-0 8. Re1 Nc6 9. h3 Bd7 10. Nf3 a6 11. a4 Rc8 12. Ba2 Nb4 13. Bb3 Re8 14. e5 dxe5 15. Nxe5 Rf8 16. Nxd7 Qxd7 17. Qf3 Nc6 18. Be3 e5 19. Rad1 Qc7 20. Bc5 Rfd8 21. Qe3 Rxd1 22. Rxd1 Rd8 23. Rxd8+ Qxd8 24. Qf3 Qd7 25. Nd5 Nxd5 26. Qxd5 Qc7 27. c3 Bf8 28. Bb6 Qe7 29. Bc4 Bg7 30. Bxa6 bxa6 31. Qxc6 h5 32. Qc8+ Kh7 33. Qxa6 Qd6 34. Qb5 e4 35. a5 Be5 36. Qb3 Kg8 37. Bd4 Bxd4 38. cxd4 Qa6 39. Qc3 h4 40. Qd2 Qc4 41. d5 1-0

[Event "BL 2122 (Women)"]
[Site "Germany"]
[Date "2022.04.09"]
[Round "7.6"]
[White "Grabowski, Petra"]
[Black "Schoene, Maria"]
[Result "0-1"]
[WhiteElo "1635"]
[BlackElo "2222"]
[PlyCount "120"]
[EventDate "2021.11.27"]
[EventType "team-tourn"]
[EventRounds "11"]
[EventCountry "GER"]
[SourceTitle "EXT 2023"]
[Source "ChessBase"]
[SourceDate "2022.10.05"]
[SourceVersion "1"]
[SourceVersionDate "2022.10.05"]
[SourceQuality "1"]
[WhiteTeam "Lehrte (W)"]
[BlackTeam "Bad Koenigshofen (W)"]
[WhiteTeamCountry "GER"]
[BlackTeamCountry "GER"]

1. d4 Nf6 2. Nf3 g6 3. Nc3 Bg7 4. e4 d6 5. Be3 0-0 6. Qd2 a6 7. Bh6 b5 8. Bxg7 Kxg7 9. Bd3 Bb7 10. Qe3 Nbd7 11. 0-0 b4 12. Ne2 e5 13. dxe5 dxe5 14. h3 Qe7 15. Nd2 Qc5 16. Qxc5 Nxc5 17. f3 Rfd8 18. Nc1 a5 19. Ndb3 Na4 20. Bb5 Nxb2 21. Nc5 Ra7 22. N1b3 a4 23. Nc1 Rd2 24. Rf2 Rxf2 25. Kxf2 Ra5 26. N5d3 Nd1+ 27. Ke1 Ne3 28. Kd2 Nxc2 29. Kxc2 Rxb5 30. Rb1 c5 31. Nxe5 Bc8 32. Ned3 Be6 33. Kd2 Nd7 34. Rb2 Nb6 35. Rc2 b3 36. axb3 axb3 37. Rxc5 Rxc5 38. Nxc5 b2 39. Nxe6+ fxe6 40. Kc2 bxc1Q+ 41. Kxc1 Nc4 42. g3 Ne3 43. f4 Nf1 44. g4 Ng3 45. f5 Nxe4 46. fxe6 Nf2 47. Kd2 Nxh3 48. Ke3 Kf6 49. e7 Kxe7 50. Kf3 g5 51. Kg2 Kf6 52. Kh2 Ke5 53. Kxh3 Kf4 54. Kh2 Kxg4 55. Kg2 h5 56. Kg1 Kh3 57. Kh1 g4 58. Kg1 g3 59. Kh1 g2+ 60. Kg1 h4 0-1

[Event "Oberliga Ost-A 2122"]
[Site "Germany"]
[Date "2022.04.02"]
[Round "10.3"]
[White "Eichner, Sebastian"]
[Black "Schoene, Maria"]
[Result "1-0"]
[WhiteElo "2352"]
[BlackElo "2210"]
[PlyCount "85"]
[EventDate "2021.10.10"]
[EventType "team-tourn"]
[EventRounds "11"]
[EventCountry "GER"]
[SourceTitle "EXT 2023"]
[Source "ChessBase"]
[SourceDate "2022.10.05"]
[SourceVersion "1"]
[SourceVersionDate "2022.10.05"]
[SourceQuality "1"]
[WhiteTeam "Nickelhuette Aue"]
[BlackTeam "Magdeburg Aufbau Elbe II"]
[WhiteTeamCountry "GER"]
[BlackTeamCountry "GER"]

1. Nf3 Nf6 2. c4 g6 3. Nc3 Bg7 4. e4 d6 5. d4 0-0 6. Be2 e5 7. 0-0 Nc6 8. Be3 Ng4 9. Bg5 f6 10. Bc1 Kh8 11. h3 exd4 12. Nxd4 Nxd4 13. Qxd4 f5 14. Qd1 Ne5 15. f4 Nc6 16. Bf3 Nd4 17. Be3 Nxf3+ 18. Qxf3 fxe4 19. Qxe4 Re8 20. Qd3 Bf5 21. Qd2 Qf6 22. Rf2 a6 23. Nd5 Qf7 24. Bd4 Re4 25. Bxg7+ Qxg7 26. Re1 Rae8 27. Rfe2 Kg8 28. Nc3 Rxe2 29. Rxe2 Rxe2 30. Nxe2 Qe7 31. Nc3 c6 32. Kh2 b5 33. Qd4 b4 34. Nd1 c5 35. Qd5+ Qe6 36. Qa8+ Qc8 37. Qa7 Bd3 38. Ne3 Qe6 39. Qb8+ Kg7 40. Qc7+ Kg8 41. Qb8+ Kf7 42. Qb7+ Qe7 43. Qd5+ 1-0

[Event "BL 2122 (Women)"]
[Site "Germany"]
[Date "2022.03.20"]
[Round "6.6"]
[White "Kubikova, Hana"]
[Black "Schoene, Maria"]
[Result "1/2-1/2"]
[WhiteElo "2067"]
[BlackElo "2222"]
[PlyCount "112"]
[EventDate "2021.11.27"]
[EventType "team-tourn"]
[EventRounds "11"]
[EventCountry "GER"]
[SourceTitle "EXT 2023"]
[Source "ChessBase"]
[SourceDate "2022.10.05"]
[SourceVersion "1"]
[SourceVersionDate "2022.10.05"]
[SourceQuality "1"]
[WhiteTeam "Rodewisch (W)"]
[BlackTeam "Bad Koenigshofen (W)"]
[WhiteTeamCountry "GER"]
[BlackTeamCountry "GER"]

1. d4 Nf6 2. Nf3 g6 3. g3 Bg7 4. Bg2 0-0 5. 0-0 d6 6. c4 Nc6 7. Nc3 a6 8. h3 Bd7 9. e4 e5 10. d5 Na5 11. b3 Qe7 12. Bd2 b5 13. Qc2 Rfc8 14. Rac1 c5 15. dxc6 Bxc6 16. Qb1 bxc4 17. Nd5 Bxd5 18. exd5 Qd8 19. Bxa5 Qxa5 20. Rxc4 Rab8 21. Qc2 Rxc4 22. bxc4 Nd7 23. Rb1 Rb4 24. Rxb4 Qxb4 25. Nd2 f5 26. Bf1 a5 27. c5 Nxc5 28. Nc4 Bf8 29. Qb2 Kf7 30. a3 Qxb2 31. Nxb2 e4 32. Bb5 Ke7 33. Nc4 Nb3 34. Ba4 Nc5 35. Bb5 a4 36. Nb6 Kf6 37. Nxa4 Ke5 38. Nb6 Be7 39. Bc6 Bd8 40. Nc4+ Kd4 41. Nxd6 Nd3 42. Nb7 Bb6 43. d6 Nc5 44. d7 Nxb7 45. Bxb7 g5 46. Kf1 Kd3 47. a4 f4 48. Ba6+ Kd2 49. gxf4 gxf4 50. Bb5 Ba5 51. h4 h6 52. h5 Bb6 53. Bc6 e3 54. fxe3 fxe3 55. Bb5 Ba5 56. Bc4 Bd8 1/2-1/2

[Event "BL2-Nord 2122"]
[Site "Germany"]
[Date "2022.03.06"]
[Round "2.8"]
[White "Mueller, Fabian"]
[Black "Schoene, Maria"]
[Result "1/2-1/2"]
[WhiteElo "2342"]
[BlackElo "2210"]
[PlyCount "74"]
[EventDate "2022.03.05"]
[EventType "team-tourn"]
[EventRounds "10"]
[EventCountry "GER"]
[SourceTitle "EXT 2023"]
[Source "ChessBase"]
[SourceDate "2022.10.05"]
[SourceVersion "1"]
[SourceVersionDate "2022.10.05"]
[SourceQuality "1"]
[WhiteTeam "St Pauli"]
[BlackTeam "Magdeburg"]
[WhiteTeamCountry "GER"]
[BlackTeamCountry "GER"]

1. d4 Nf6 2. c4 g6 3. Nc3 Bg7 4. Nf3 d6 5. Bg5 h6 6. Bh4 g5 7. Bg3 Nh5 8. e3 e6 9. Bd3 Qe7 10. Nd2 Nxg3 11. hxg3 Nd7 12. Qc2 Nf6 13. 0-0-0 Bd7 14. Kb1 0-0-0 15. Qb3 Ng4 16. Rhf1 f5 17. Rc1 c5 18. Qa3 Kb8 19. Nb3 Rc8 20. Be2 h5 21. Bf3 Nh2 22. Rfd1 Nxf3 23. gxf3 cxd4 24. Nxd4 Rxc4 25. Ndb5 Bxb5 26. Nxb5 Rxc1+ 27. Rxc1 a6 28. Rc7 Qf6 29. Rxg7 Qxg7 30. Qxd6+ Ka8 31. Nc7+ Ka7 32. Nxe6 Qf6 33. Qc5+ Kb8 34. Qd6+ Ka7 35. Qc5+ Ka8 36. Qb6 Kb8 37. Qd6+ Ka7 1/2-1/2

[Event "BL 2122 (Women)"]
[Site "Germany"]
[Date "2021.11.28"]
[Round "2.5"]
[White "Kunze, Kerstin"]
[Black "Schoene, Maria"]
[Result "0-1"]
[WhiteElo "2027"]
[BlackElo "2222"]
[PlyCount "102"]
[EventDate "2021.11.27"]
[EventType "team-tourn"]
[EventRounds "11"]
[EventCountry "GER"]
[SourceTitle "EXT 2023"]
[Source "ChessBase"]
[SourceDate "2022.10.05"]
[SourceVersion "1"]
[SourceVersionDate "2022.10.05"]
[SourceQuality "1"]
[WhiteTeam "Leipzig Weissblau (W)"]
[BlackTeam "Bad Koenigshofen (W)"]
[WhiteTeamCountry "GER"]
[BlackTeamCountry "GER"]

1. e4 c5 2. Nf3 d6 3. d4 cxd4 4. Qxd4 Nc6 5. Qd3 g6 6. Be2 Bg7 7. Nc3 Nf6 8. h3 0-0 9. Be3 Bd7 10. 0-0 Rc8 11. Rac1 Nb4 12. Qd2 Rxc3 13. Qxc3 Nxa2 14. Qb3 Nxc1 15. Rxc1 Qb8 16. Bd3 Bc6 17. Qb4 a5 18. Qxa5 Nxe4 19. Nd4 Nf6 20. c4 Be4 21. Be2 Nd7 22. f3 Bc6 23. b4 e5 24. Nb5 b6 25. Qa6 Rd8 26. Rd1 Bf8 27. Bg5 Re8 28. Be3 Be7 29. Bf1 Rd8 30. Be2 Bb7 31. Qa2 d5 32. cxd5 Bxb4 33. Bc4 Bc5 34. Bxc5 bxc5 35. d6 Rf8 36. Nc7 Bc6 37. Rb1 Qd8 38. Qa3 Qh4 39. Qc3 Qd4+ 40. Qxd4 exd4 41. Re1 Nb6 42. Bb5 Bxb5 43. Nxb5 Rd8 44. Kf2 Kg7 45. Rc1 Nd7 46. Ke2 Rb8 47. Na3 Rb2+ 48. Rc2 Rxc2+ 49. Nxc2 Kf6 50. Na3 Nb6 51. Nb5 Ke6 0-1

[Event "BL 1920 (Women)"]
[Site "Germany"]
[Date "2020.02.01"]
[Round "5.6"]
[White "Rosmait, Emily"]
[Black "Schoene, Maria"]
[Result "0-1"]
[WhiteElo "1893"]
[BlackElo "2158"]
[PlyCount "72"]
[EventDate "2019.09.14"]
[EventType "team-tourn"]
[EventRounds "11"]
[EventCountry "GER"]
[SourceTitle "CBM 195 Extra"]
[Source "ChessBase"]
[SourceDate "2020.05.31"]
[SourceVersion "1"]
[SourceVersionDate "2020.05.31"]
[SourceQuality "1"]
[WhiteTeam "Harksheide (W)"]
[BlackTeam "Bad Koenigshofen (W)"]
[WhiteTeamCountry "GER"]
[BlackTeamCountry "GER"]

1. e4 c5 2. Nf3 d6 3. Bb5+ Bd7 4. Bxd7+ Qxd7 5. 0-0 Nf6 6. Re1 e6 7. c4 e5 8. a3 Nc6 9. Nc3 g6 10. Rb1 Bg7 11. b4 0-0 12. bxc5 dxc5 13. Nd5 Nh5 14. d3 Nd4 15. Nxd4 cxd4 16. a4 Rfe8 17. Ba3 Nf4 18. Rb5 Rab8 19. Nxf4 exf4 20. Rd5 Qe6 21. Bd6 Rbc8 22. Bxf4 f5 23. Qb3 fxe4 24. Qxb7 Re7 25. Qb4 Qf7 26. Bg5 Rb7 27. Qd2 h6 28. Bh4 exd3 29. Qxd3 Rbc7 30. h3 Rxc4 31. Rd6 Rc1 32. Rd8+ Kh7 33. Rxc1 Rxc1+ 34. Kh2 Qc7+ 35. g3 Qb7 36. g4 Be5+ 0-1

[Event "BL2-Nord 1920"]
[Site "Germany"]
[Date "2019.12.08"]
[Round "6.8"]
[White "Schoene, Maria"]
[Black "Figura, Atila Gajo"]
[Result "1/2-1/2"]
[WhiteElo "2152"]
[BlackElo "2384"]
[PlyCount "105"]
[EventDate "2019.10.19"]
[EventType "team-tourn"]
[EventRounds "9"]
[EventCountry "GER"]
[SourceTitle "CBM 194 Extra"]
[Source "ChessBase"]
[SourceDate "2020.03.31"]
[SourceVersion "1"]
[SourceVersionDate "2020.03.31"]
[SourceQuality "1"]
[WhiteTeam "Magdeburg"]
[BlackTeam "Zehlendorf"]
[WhiteTeamCountry "GER"]
[BlackTeamCountry "GER"]

1. e4 c5 2. Nf3 Nc6 3. d4 cxd4 4. Nxd4 e5 5. Nb5 d6 6. N1c3 a6 7. Na3 Be7 8. Nc4 b5 9. Ne3 Nf6 10. a3 Be6 11. g3 Rc8 12. Bg2 h5 13. 0-0 h4 14. Ncd5 g6 15. c3 Kf8 16. a4 hxg3 17. fxg3 Kg7 18. axb5 axb5 19. Ra6 b4 20. Nxe7 Nxe7 21. Rxd6 Qa5 22. Qf3 Neg8 23. cxb4 Qxb4 24. Ra6 Qc5 25. Qf2 Qxc1 26. Rxe6 fxe6 27. Rxc1 Rxc1+ 28. Nf1 Nh6 29. Qa7+ Nf7 30. b4 Rb1 31. Qb7 Rd8 32. Bh3 Rdd1 33. b5 g5 34. Bg2 Rb2 35. Bf3 Rd3 36. Bg2 g4 37. h3 Kg6 38. Qe7 Ng5 39. hxg4 Nf3+ 40. Bxf3 Rxf3 41. g5 Kxg5 42. Qg7+ Kh5 43. Nh2 Rff2 44. g4+ Kh4 45. Qh6+ Kg3 46. Qe3+ Kh4 47. Qxf2+ Rxf2 48. Kxf2 Nxe4+ 49. Kf3 Nd2+ 50. Ke3 Nc4+ 51. Kd3 Nd6 52. b6 Kg5 53. Ke3 1/2-1/2

[Event "Oberliga Ost-A 1920"]
[Site "Germany"]
[Date "2019.11.17"]
[Round "3.1"]
[White "Zwahr, Paul"]
[Black "Schoene, Maria"]
[Result "1/2-1/2"]
[WhiteElo "2278"]
[BlackElo "2140"]
[PlyCount "47"]
[EventDate "2019.09.29"]
[EventType "team-tourn"]
[EventRounds "11"]
[EventCountry "GER"]
[SourceTitle "EXT 2021"]
[Source "ChessBase"]
[SourceDate "2020.10.23"]
[SourceVersion "1"]
[SourceVersionDate "2020.10.23"]
[SourceQuality "1"]
[WhiteTeam "Dresden Gruen Weiss"]
[BlackTeam "Magdeburg Aufbau Elbe II"]
[WhiteTeamCountry "GER"]
[BlackTeamCountry "GER"]

1. e4 d6 2. d4 Nf6 3. Nc3 g6 4. f4 Bg7 5. Nf3 c5 6. Bb5+ Bd7 7. e5 Ng4 8. Bxd7+ Qxd7 9. d5 dxe5 10. h3 e4 11. Nxe4 Nf6 12. Nxf6+ Bxf6 13. 0-0 0-0 14. c4 b5 15. Qe2 bxc4 16. Qxc4 Rd8 17. Rd1 Qd6 18. f5 Nd7 19. fxg6 hxg6 20. Bf4 Ne5 21. Nxe5 Bxe5 22. Bxe5 Qxe5 23. Qxc5 Qxb2 24. Qxe7 1/2-1/2

[Event "BL 1920 (Women)"]
[Site "Germany"]
[Date "2019.09.15"]
[Round "2.6"]
[White "Kluge, Heidemarie"]
[Black "Schoene, Maria"]
[Result "0-1"]
[WhiteElo "1931"]
[BlackElo "2158"]
[PlyCount "126"]
[EventDate "2019.09.14"]
[EventType "team-tourn"]
[EventRounds "11"]
[EventCountry "GER"]
[SourceTitle "EXT 2020"]
[Source "ChessBase"]
[SourceDate "2019.10.17"]
[SourceVersion "1"]
[SourceVersionDate "2019.10.17"]
[SourceQuality "1"]
[WhiteTeam "Leipzig Weissblau (W)"]
[BlackTeam "Bad Koenigshofen (W)"]
[WhiteTeamCountry "GER"]
[BlackTeamCountry "GER"]

1. d4 Nf6 2. c4 g6 3. Nc3 Bg7 4. e4 d6 5. Nf3 0-0 6. Be2 e5 7. dxe5 dxe5 8. Qxd8 Rxd8 9. 0-0 Nbd7 10. Rd1 Rf8 11. b4 a5 12. b5 Re8 13. Ba3 c6 14. c5 Bf8 15. Bc4 h6 16. Nd2 Bxc5 17. Bxc5 Nxc5 18. f3 Kf8 19. Rac1 Rd8 20. Nb3 Rxd1+ 21. Rxd1 Nxb3 22. axb3 Ke7 23. bxc6 bxc6 24. Na4 Be6 25. Rc1 Bxc4 26. Rxc4 Kd6 27. Kf2 Nd7 28. Ke3 Rb8 29. Rc3 Rb5 30. Nb2 f6 31. Nc4+ Kc7 32. Nd2 Nc5 33. g3 Ne6 34. f4 Rc5 35. Rxc5 Nxc5 36. fxe5 fxe5 37. g4 g5 38. Ke2 Kd7 39. Ke3 Ke6 40. h3 a4 41. bxa4 Nxa4 42. Nf1 Nb6 43. Kd3 Nc8 44. Ne3 Ne7 45. Kd2 Kf6 46. Kc3 Ng6 47. Nd1 Nf4 48. Nf2 Ke6 49. Kc4 Kd6 50. Kb4 Kd7 51. Kc4 Kc8 52. Kb4 Kb7 53. Kc5 Kc7 54. Kc4 Kb6 55. Kb4 c5+ 56. Kc4 Kc6 57. Kc3 Kb5 58. Kb3 c4+ 59. Kc3 Kc5 60. Kd2 Kd4 61. Kc2 Ke3 62. Nd1+ Kxe4 63. Kc3 Nd5+ 0-1

[Event "Sachsen-Anhalt Verbandsliga 18/19"]
[Site "Sachsen Anhalt"]
[Date "2018.12.16"]
[Round "4.3"]
[White "Schoene, Maria"]
[Black "Richter, Tobias"]
[Result "1/2-1/2"]
[WhiteElo "2162"]
[BlackElo "2049"]
[PlyCount "131"]
[EventDate "2018.10.21"]
[EventType "team-tourn"]
[EventRounds "9"]
[EventCountry "GER"]
[SourceTitle "EXT 2022"]
[Source "ChessBase"]
[SourceDate "2021.10.06"]
[SourceVersion "1"]
[SourceVersionDate "2021.10.06"]
[SourceQuality "1"]
[WhiteTeam "Magdeburg Aufbau Elbe II"]
[BlackTeam "Merseburg"]
[WhiteTeamCountry "GER"]
[BlackTeamCountry "GER"]

1. e4 d6 2. d4 Nf6 3. Nc3 g6 4. Be3 Nc6 5. h3 e5 6. Nf3 exd4 7. Nxd4 Bg7 8. Be2 0-0 9. 0-0 Re8 10. Nxc6 bxc6 11. Bf3 Nd7 12. Bd4 Ne5 13. Be2 Rb8 14. Rb1 c5 15. Be3 Be6 16. Re1 Nc4 17. Bxc4 Bxc4 18. Qd2 Qd7 19. Bxc5 Qe6 20. Bxa7 Rb7 21. Bd4 Bxa2 22. Nxa2 Qxa2 23. Ra1 Qc4 24. Bxg7 Kxg7 25. b3 Qc6 26. Ra4 Rb5 27. Rc4 Rc5 28. Qc3+ Kg8 29. Rxc5 dxc5 30. Qc4 Rd8 31. c3 Qd6 32. e5 Qd2 33. Re2 Qc1+ 34. Kh2 Rd1 35. e6 Rh1+ 36. Kg3 Qg5+ 37. Qg4 Qxg4+ 38. Kxg4 fxe6 39. Rxe6 Rb1 40. Re8+ Kf7 41. Rc8 Rxb3 42. Rxc7+ Kf6 43. Rxc5 Rb2 44. Kf3 Rc2 45. h4 h6 46. g3 g5 47. hxg5+ hxg5 48. c4 g4+ 49. Kxg4 Rxf2 50. Rc8 Rc2 51. c5 Rc3 52. c6 Kg6 53. Kf4 Kf6 54. g4 Rc4+ 55. Kf3 Kg7 56. c7 Kh7 57. Ke3 Kg7 58. Kd3 Rc1 59. Kd4 Rc2 60. Ke5 Rc1 61. Ke6 Re1+ 62. Kf5 Rc1 63. g5 Rc2 64. g6 Rc1 65. Ke4 Rc2 66. Kd3 1/2-1/2

[Event "BL 1819 (Women)"]
[Site "Germany"]
[Date "2018.10.28"]
[Round "2.2"]
[White "Kiefhaber, Veronika"]
[Black "Schoene, Maria"]
[Result "0-1"]
[WhiteElo "2171"]
[BlackElo "2163"]
[PlyCount "92"]
[EventDate "2018.10.27"]
[EventType "team-tourn"]
[EventRounds "11"]
[EventCountry "GER"]
[SourceTitle "CBM 188 Extra"]
[Source "ChessBase"]
[SourceDate "2019.02.26"]
[SourceVersion "1"]
[SourceVersionDate "2019.02.26"]
[SourceQuality "1"]
[WhiteTeam "Karlsruhe (W)"]
[BlackTeam "Bad Koenigshofen (W)"]
[WhiteTeamCountry "GER"]
[BlackTeamCountry "GER"]

1. e4 d6 2. d4 Nf6 3. Nc3 g6 4. h3 Bg7 5. Be3 0-0 6. Nf3 a6 7. a4 b6 8. Bc4 e6 9. 0-0 Bb7 10. d5 e5 11. Re1 h6 12. Bf1 Ne8 13. Nd2 f5 14. exf5 gxf5 15. f4 Nd7 16. Nf3 Kh8 17. Qd2 Qf6 18. Rad1 Rg8 19. Kh1 Kh7 20. Qf2 Qf7 21. Ng1 e4 22. Bc4 Bxc3 23. bxc3 Nef6 24. Qd2 a5 25. Bb3 Nc5 26. c4 Rg7 27. Ne2 Rag8 28. Nd4 Bc8 29. Qe2 Nh5 30. Kh2 Rxg2+ 31. Qxg2 Rxg2+ 32. Kxg2 Qg6+ 33. Kf1 Qg3 34. Rd2 Nxf4 35. Bxf4 Qxf4+ 36. Rf2 Qe5 37. Ne2 Bd7 38. Nf4 Bxa4 39. Bxa4 Nxa4 40. Re3 Nc5 41. Kg1 a4 42. Rg3 a3 43. Rxa3 e3 44. Rg2 Qxf4 45. Ra7 Na6 46. Rxa6 Qxc4 0-1

[Event "BL2-Ost 1718"]
[Site "Germany"]
[Date "2017.12.10"]
[Round "6.7"]
[White "Wiesinger, Robert"]
[Black "Schoene, Maria"]
[Result "1-0"]
[WhiteElo "2206"]
[BlackElo "2260"]
[PlyCount "61"]
[EventDate "2017.10.21"]
[EventType "team-tourn"]
[EventRounds "10"]
[EventCountry "GER"]
[SourceTitle "CBM 183 Extra"]
[Source "ChessBase"]
[SourceDate "2018.04.19"]
[SourceVersion "1"]
[SourceVersionDate "2018.04.19"]
[SourceQuality "1"]
[WhiteTeam "Weilheim"]
[BlackTeam "Magdeburg Aufbau Elbe"]
[WhiteTeamCountry "GER"]
[BlackTeamCountry "GER"]

1. e4 c5 2. Nf3 d6 3. Bb5+ Bd7 4. Bxd7+ Qxd7 5. 0-0 Nf6 6. Qe2 Nc6 7. Rd1 e6 8. d4 cxd4 9. Nxd4 Be7 10. c4 Nxd4 11. Rxd4 Qc6 12. Nc3 h6 13. b3 0-0 14. Bb2 Rfd8 15. Rad1 a6 16. a4 Qb6 17. R4d3 Qc5 18. Kh1 Nh5 19. Nd5 exd5 20. Rxd5 Nf4 21. Qg4 Ne6 22. Rxc5 dxc5 23. Rd5 h5 24. Qxh5 Nf4 25. Qg4 g5 26. Rxg5+ Bxg5 27. Qxg5+ Ng6 28. h4 Rd1+ 29. Kh2 Rb1 30. Bf6 Kh7 31. Qh5+ 1-0

[Event "Oberliga Ost-A 1617"]
[Site "Germany"]
[Date "2017.03.19"]
[Round "8.4"]
[White "Schoene, Maria"]
[Black "Schunk, Thomas"]
[Result "1-0"]
[WhiteElo "2273"]
[BlackElo "2185"]
[PlyCount "91"]
[EventDate "2016.10.16"]
[EventType "team-tourn"]
[EventRounds "11"]
[EventCountry "GER"]
[SourceTitle "EXT 2018"]
[Source "ChessBase"]
[SourceDate "2017.10.13"]
[SourceVersion "1"]
[SourceVersionDate "2017.10.13"]
[SourceQuality "1"]
[WhiteTeam "Magdeburg Aufbau Elbe"]
[BlackTeam "Leipzig SG II"]
[WhiteTeamCountry "GER"]
[BlackTeamCountry "GER"]

1. e4 e5 2. Nf3 d6 3. d4 Nf6 4. Nc3 Nbd7 5. Bc4 Be7 6. 0-0 0-0 7. Re1 c6 8. a4 b6 9. b3 a6 10. Bb2 Bb7 11. Qd2 b5 12. axb5 axb5 13. Bd3 Rxa1 14. Bxa1 Re8 15. Ne2 Bf8 16. Ng3 g6 17. c4 bxc4 18. Bxc4 d5 19. dxe5 dxc4 20. exf6 Nc5 21. Qxd8 Rxd8 22. bxc4 Ne6 23. Ne2 Bc5 24. h3 h6 25. Bc3 Ba6 26. Ne5 Ng5 27. Nf4 Rd6 28. h4 Ne6 29. Nxe6 Rxe6 30. Nd7 Bd6 31. e5 Bf8 32. Ra1 c5 33. Ra5 Bc8 34. Nxf8 Kxf8 35. Rxc5 Re8 36. Rc7 Be6 37. Bb4+ Kg8 38. Bd6 Ra8 39. c5 Ra1+ 40. Kh2 Ra4 41. Re7 Rxh4+ 42. Kg3 Rg4+ 43. Kf3 Rg5 44. Re8+ Kh7 45. Rxe6 fxe6 46. c6 1-0

[Event "Oberliga Ost-A 1617"]
[Site "Germany"]
[Date "2017.02.18"]
[Round "6.3"]
[White "Reipsch, Jens"]
[Black "Schoene, Maria"]
[Result "1-0"]
[WhiteElo "2222"]
[BlackElo "2273"]
[PlyCount "41"]
[EventDate "2016.10.16"]
[EventType "team-tourn"]
[EventRounds "11"]
[EventCountry "GER"]
[SourceTitle "EXT 2018"]
[Source "ChessBase"]
[SourceDate "2017.10.13"]
[SourceVersion "1"]
[SourceVersionDate "2017.10.13"]
[SourceQuality "1"]
[WhiteTeam "Halle USV"]
[BlackTeam "Magdeburg Aufbau Elbe"]
[WhiteTeamCountry "GER"]
[BlackTeamCountry "GER"]

1. e4 c5 2. Nf3 d6 3. c3 Nf6 4. Qc2 g6 5. d4 cxd4 6. cxd4 Bg7 7. Bb5+ Bd7 8. Bxd7+ Qxd7 9. 0-0 0-0 10. Nc3 Rc8 11. Bg5 h6 12. Bxf6 Bxf6 13. Rfe1 Bg7 14. e5 e6 15. d5 dxe5 16. Nxe5 Bxe5 17. Rxe5 exd5 18. Rae1 Na6 19. Qd2 d4 20. Nd5 Rc6 21. Qxh6 1-0

[Event "BCF-chT1a 1617 (4NCL)"]
[Site "England"]
[Date "2017.02.12"]
[Round "6.42"]
[White "Schoene, Maria"]
[Black "McMichael, Richard"]
[Result "0-1"]
[WhiteElo "2287"]
[BlackElo "2226"]
[PlyCount "96"]
[EventDate "2016.11.19"]
[EventType "team-tourn"]
[EventRounds "7"]
[EventCountry "ENG"]
[SourceTitle "EXT 2018"]
[Source "ChessBase"]
[SourceDate "2017.10.13"]
[SourceVersion "1"]
[SourceVersionDate "2017.10.13"]
[SourceQuality "1"]
[WhiteTeam "Celtic Tigers"]
[BlackTeam "Kings Head"]
[WhiteTeamCountry "ENG"]
[BlackTeamCountry "ENG"]

1. e4 e6 2. d4 d5 3. Nc3 Nc6 4. Nf3 Nf6 5. Bg5 Be7 6. e5 Ne4 7. Bxe7 Qxe7 8. Bd3 Ng5 9. 0-0 Nxf3+ 10. Qxf3 Bd7 11. Ne2 0-0-0 12. Qg3 f6 13. f4 h5 14. h4 Rhg8 15. c3 Rdf8 16. Rae1 Nd8 17. f5 fxe5 18. Qxe5 Qxh4 19. Nf4 Nc6 20. Qe3 exf5 21. Ng6 Qf6 22. Nxf8 Rxf8 23. Bb5 f4 24. Qf2 Bg4 25. Bxc6 bxc6 26. Re5 Kb7 27. c4 dxc4 28. Qd2 f3 29. Rf2 Qd6 30. Ra5 fxg2 31. d5 Rxf2 32. Qxf2 a6 33. dxc6+ Qxc6 34. Rc5 Qe4 35. Qxg2 Bf3 36. Qf2 Qg4+ 37. Kf1 Be4 38. Ke1 Bc6 39. Re5 h4 40. Qc5 Qg3+ 41. Kd2 Qf4+ 42. Kc2 h3 43. Qb4+ Ka8 44. Qa5 Be4+ 45. Kc3 Qe3+ 46. Kxc4 Qd3+ 47. Kc5 Qd6+ 48. Kc4 h2 0-1